Tecnología, cultura y comunicación (Record no. 14251)
[ view plain ]
| 000 -CABECERA | |
|---|---|
| campo de control de longitud fija | 00644cam a22002412a 4500 |
| 001 - NÚMERO DE CONTROL | |
| campo de control | 008444 |
| 003 - IDENTIFICADOR DEL NÚMERO DE CONTROL | |
| campo de control | AR-FADEU |
| 005 - FECHA Y HORA DE LA ÚLTIMA TRANSACCIÓN | |
| campo de control | 20220805111221.0 |
| 008 - DATOS DE LONGITUD FIJA--INFORMACIÓN GENERAL | |
| campo de control de longitud fija | 311216n1984####xxu####################dd |
| 020 ## - ISBN | |
| Número Internacional Estándar del Libro | 84-86153-21-2 |
| 040 ## - FUENTE DE LA CATALOGACIÓN | |
| Centro/agencia transcriptor | Biblioteca Ernesto Sábato |
| 092 ## - SIGNATURA TOPOGRÁFICA | |
| Número de clasificación | 302.230 72 |
| Libristica | M435t |
| 100 ## - Autor Personal | |
| Nombre de persona | Mattelart, Armand |
| 245 ## - MENCIÓN DE TÍTULO | |
| Título | Tecnología, cultura y comunicación |
| 260 ## - PUBLICACIÓN, DISTRIBUCIÓN, ETC. (PIE DE IMPRENTA) | |
| Lugar de publicación, distribución, etc. | Barcelona |
| 260 ## - PUBLICACIÓN, DISTRIBUCIÓN, ETC. (PIE DE IMPRENTA) | |
| Nombre del editor, distribuidor, etc. | Mitre |
| 260 ## - PUBLICACIÓN, DISTRIBUCIÓN, ETC. (PIE DE IMPRENTA) | |
| Fecha de publicación, distribución, etc. | 1984 |
| 300 ## - DESCRIPCIÓN FÍSICA | |
| Paginas | 269 p. : cuad., graf |
| 440 ## - MENCIÓN DE SERIE/PUNTO DE ACCESO ADICIONAL--TÍTULO | |
| Título | Nuevos signos |
| 650 ## - Descriptores Tematicos | |
| Término de materia o nombre geográfico como elemento inicial | COMUNICACION SOCIAL-TECNOLOGIA; COMUNICACION SOCIAL-CULTURA |
| 700 ## - Coautores y traductores | |
| Nombre de persona | Y., Stourdze |
| 942 ## - ELEMENTOS DE PUNTO DE ACCESO ADICIONAL (KOHA) | |
| Tipo de ítem Koha | BDGR |
| Fuente del sistema de clasificación o colocación | Dewey Decimal Classification |
| Estado de retiro | Estado de pérdida | Estado dañado | No para préstamo | Localización permanente | Ubicación/localización actual | Fecha de adquisición | Número de inventario | Total de préstamos | Signatura topográfica completa | Código de barras | Fecha visto por última vez | Precio válido a partir de | Tipo de ítem Koha | Fuente del sistema de clasificación o colocación |
|---|---|---|---|---|---|---|---|---|---|---|---|---|---|---|
| Biblioteca Ernesto Sabato - FADECS - UNCOMA | Biblioteca Ernesto Sabato - FADECS - UNCOMA | 21/02/2017 | 3067 | 302.230 72 M435t | 3067 | 21/02/2017 | 21/02/2017 | BDGR | ||||||
| Biblioteca Ernesto Sabato - FADECS - UNCOMA | Biblioteca Ernesto Sabato - FADECS - UNCOMA | 08/08/2022 | 26399 | 302.230 72 M435t | 26399 | 08/08/2022 | 08/08/2022 | BDGR | Dewey Decimal Classification |